| 000 | 00730nam a2200193 4500 | ||
|---|---|---|---|
| 001 | 7065 | ||
| 005 | 20230404125613.0 | ||
| 008 | 060907n2001 dr spa | ||
| 020 | _a9583340049 | ||
| 035 | _9funglode7129 | ||
| 041 | _aES | ||
| 050 | 1 | 4 | _aCD F 00176 |
| 111 | _aSeminario Internacional Contribución del Periodismo a la Paz: el Cubrimiento Internacional sobre Colombia (23-24 de nov., 2000 : Cartagena de Indias, Colombia) | ||
| 245 | 1 |
_aContribución del periodismo a la paz : _bel cubrimiento internacional sobre Colombia |
|
| 260 |
_a[Cartagena de Indias] : _bFundación Nuevo Periodismo Iberoamericano, _c2001 |
||
| 300 | _a151 p. | ||
| 440 |
_aCuadernos del taller de periodismo ; _v2 |
||
| 942 |
_2lcc _ccd |
||
| 999 |
_c830 _d830 |
||